Chemical reaction engineering : an introduction to the design of chemical reactors /
Guardado en:
| Autor Principal: | |
|---|---|
| Formato: | Libro |
| Idioma: | English |
| Publicado: |
New York :
Wiley,
c1962.
|
| Materias: | |
| Etiquetas: |
Agregar Etiqueta
Sin Etiquetas, Sea el primero en etiquetar este registro!
|
| LEADER | 00868nam a22002295a 4500 | ||
|---|---|---|---|
| 001 | EIQ.libpla000666 | ||
| 008 | 840403s1962####nyua#####b####001#0#eng#d | ||
| 005 | 20080212171551.0 | ||
| 245 | 1 | 0 | |a Chemical reaction engineering : |b an introduction to the design of chemical reactors / |c Octave Levenspiel. |
| 260 | |a New York : |b Wiley, |c c1962. | ||
| 300 | |a 501 p. : |b il. ; |c 24 cm. | ||
| 504 | |a Incluye referencias bibliográfica e índices. | ||
| 100 | 1 | |a Levenspiel, Octave. | |
| 082 | 0 | 0 | |a 660.283 |
| 650 | 4 | |a Catálisis |x Reacciones químicas. | |
| 650 | 4 | |a Procesos químicos |x Teoría. | |
| 650 | 4 | |a Catalysis |x Chemical reactions. | |
| 650 | 4 | |a Chemical processes |x Theory. | |
| 010 | |a 62015185 | ||
| 040 | |a DLC/ICU |c ICU |d AR-BbSID | ||
| 859 | |a AR-BbSID |b BIB. PLAPIQUI |h 541.39 |i L 576 |p 457 |t Ej. 1 |v Ej. 1 | ||
| 859 | |a AR-BbSID |b BIB. PLAPIQUI |h 541.39 |i L 576 |p 5940 |t Ej. 2 |v Ej. 2 | ||
